[Event "BAN-chT2"]
[Site "Dhaka"]
[Date "2016.11.04"]
[Round "2.3"]
[White "Hossain, Enayet Mohammed"]
[Black "Md, Jamal Rashed"]
[Result "1-0"]
[WhiteElo "2035"]
[BlackElo "1667"]
[PlyCount "89"]
[EventDate "2016.11.03"]
[EventType "team-swiss"]
[EventRounds "7"]
[EventCountry "BAN"]
[SourceTitle "CBM 175 Extra"]
[Source "ChessBase"]
[SourceDate "2016.12.12"]
[SourceVersion "1"]
[SourceVersionDate "2016.12.12"]
[SourceQuality "1"]
[WhiteTeam "Sonargaon CC"]
[BlackTeam "Habiganj Asad"]
[WhiteTeamCountry "BAN"]
[BlackTeamCountry "BAN"]

1. d4 d5 2. Bg5 Nf6 3. Nf3 e6 4. Nbd2 c5 5. e3 Nc6 6. c3 cxd4 7. exd4 Be7 8. Bd3 h6 9. Bh4 a6 10. Qe2 0-0 11. Bc2 Nh7 12. Qd3 f5 13. Bxe7 Qxe7 14. Ne5 Nxe5 15. dxe5 Rf7 16. h4 Nf8 17. 0-0-0 Ng6 18. Qg3 Nf8 19. f4 b5 20. Nb3 b4 21. cxb4 Qxb4 22. Rd4 Qb6 23. Qc3 Rc7 24. Qb4 Qa7 25. Qa5 Rb8 26. Rhd1 Rb5 27. Qa3 Nd7 28. Qe7 Nc5 29. Qe8+ Kh7 30. g4 Rxb3 31. gxf5 exf5 32. Rxd5 Rbb7 33. h5 Bd7 34. Qg6+ Kh8 35. Rg1 Ne6 36. Qg3 Bc6 37. Rd2 Be4 38. Rgd1 Rxc2+ 39. Rxc2 Bxc2 40. Kxc2 Qb6 41. b3 Nd4+ 42. Kb2 Rc7 43. Qe3 Rd7 44. e6 Rd6 45. e7 1-0